[Event "Ljubljana-chT 70th"]
[Site "Ljubljana"]
[Date "2017.01.12"]
[Round "1.2"]
[White "Janzelj, Lara"]
[Black "Kodela, Marko"]
[Result "1-0"]
[WhiteElo "2106"]
[BlackElo "1965"]
[PlyCount "71"]
[EventDate "2017.01.12"]
[EventType "team-tourn"]
[EventRounds "9"]
[EventCountry "SLO"]
[SourceTitle "EXT 2019"]
[Source "ChessBase"]
[SourceDate "2018.10.10"]
[SourceVersion "1"]
[SourceVersionDate "2018.10.10"]
[SourceQuality "1"]
[WhiteTeam "Ig"]
[BlackTeam "Klinicni Center"]
[WhiteTeamCountry "SLO"]
[BlackTeamCountry "SLO"]

1. d4 Nf6 2. c4 c5 3. d5 b5 4. Qc2 bxc4 5. e4 d6 6. Bxc4 g6 7. Nf3 Bg7 8. 0-0 0-0 9. Re1 Nbd7 10. h3 Nb6 11. Bf1 Bb7 12. a4 Rb8 13. Na3 a6 14. Bd2 Nxe4 15. Qxe4 Nxd5 16. Nc4 e6 17. Bg5 Qc7 18. Qh4 Bc6 19. Nh2 e5 20. Rad1 Rb4 21. Bd2 Rxa4 22. b3 Ra2 23. Bh6 Bf6 24. Qg3 Rd8 25. Bd3 Qe7 26. Nf3 Nc3 27. Rc1 Nd5 28. h4 Nb4 29. Bb1 Bxf3 30. Qxf3 d5 31. Bxa2 dxc4 32. Bb1 Nd3 33. Bxd3 Rxd3 34. Re3 Rd4 35. Rxc4 Bxh4 36. Rxd4 1-0

[Event "SLO-chT2 West"]
[Site "Ljubljana"]
[Date "2014.10.19"]
[Round "4.3"]
[White "Leonardi, Caterina"]
[Black "Kodela, Marko"]
[Result "1/2-1/2"]
[WhiteElo "1984"]
[BlackElo "1976"]
[PlyCount "64"]
[EventDate "2014.10.17"]
[EventType "team-tourn"]
[EventRounds "9"]
[EventCountry "SLO"]
[SourceTitle "EXT 2019"]
[Source "ChessBase"]
[SourceDate "2018.10.10"]
[SourceVersion "1"]
[SourceVersionDate "2018.10.10"]
[SourceQuality "1"]
[WhiteTeam "Komenda II"]
[BlackTeam "Ljubljana KC"]
[WhiteTeamCountry "SLO"]
[BlackTeamCountry "SLO"]

1. d4 Nf6 2. c4 c5 3. d5 b5 4. cxb5 a6 5. Nc3 axb5 6. Nxb5 Ba6 7. Nc3 g6 8. g3 d6 9. Bg2 Bg7 10. Nf3 0-0 11. 0-0 Nbd7 12. Re1 Qa5 13. Bd2 Qb6 14. b3 Rfb8 15. e4 Ng4 16. Na4 Qa7 17. Bc3 Nge5 18. Nxe5 Nxe5 19. Bxe5 Bxe5 20. Rc1 Bb5 21. Bf1 Bxa4 22. bxa4 Qxa4 23. Qxa4 Rxa4 24. Rc2 Rbb4 25. f4 Bd4+ 26. Kg2 c4 27. e5 c3 28. Bd3 Rb2 29. Rxb2 cxb2 30. Bb1 Ra5 31. exd6 exd6 32. Rd1 Bc3 1/2-1/2

[Event "SLO-chT2 West"]
[Site "Ljubljana"]
[Date "2013.11.09"]
[Round "2.4"]
[White "Kodela, Marko"]
[Black "Janzelj, Lara"]
[Result "1-0"]
[WhiteElo "1984"]
[BlackElo "1817"]
[PlyCount "175"]
[EventDate "2013.11.08"]
[EventType "team"]
[EventRounds "9"]
[EventCountry "SLO"]
[SourceTitle "EXT 2015"]
[Source "ChessBase"]
[SourceDate "2014.11.20"]
[SourceVersion "1"]
[SourceVersionDate "2014.11.20"]
[SourceQuality "1"]
[WhiteTeam "Lojz Kraigher"]
[BlackTeam "Ig"]
[WhiteTeamCountry "SLO"]
[BlackTeamCountry "SLO"]

1. c4 c6 2. Nf3 Nf6 3. g3 d5 4. Bg2 Bf5 5. 0-0 e6 6. b3 Bd6 7. Bb2 Nbd7 8. d3 0-0 9. Nh4 Bg6 10. Nd2 e5 11. Nxg6 hxg6 12. e3 Nc5 13. Qc2 Re8 14. Rad1 Rc8 15. d4 exd4 16. Bxd4 Na6 17. Qb2 Nb4 18. Nf3 dxc4 19. bxc4 Qe7 20. Bc3 Na6 21. Qc2 Ne4 22. Bd4 g5 23. Nd2 Nxd2 24. Qxd2 b6 25. Qb2 f6 26. Bc3 Nc5 27. Qc2 Kf7 28. Bh3 Rc7 29. Bf5 Rh8 30. Rd2 Rh6 31. Rfd1 Nb7 32. c5 bxc5 33. Qd3 g6 34. Qc4+ Kg7 35. Bg4 Rh8 36. a4 Kf8 37. a5 Qh7 38. h3 Be7 39. a6 Nd8 40. Rxd8+ Bxd8 41. Rxd8+ Kg7 42. Rxh8 Qxh8 43. Qxc5 Qd8 44. Ba5 Qe7 45. Qc3 Rd7 46. Bxd7 Qxd7 47. Qd4 Qf5 48. Bc3 c5 49. Qc4 Qb1+ 50. Kg2 Qb6 51. e4 Qc6 52. g4 Kh6 53. Bb4 Qe8 54. Bxc5 f5 55. f3 Qc8 56. gxf5 gxf5 57. Qd4 fxe4 58. fxe4 Kh5 59. Qd1+ Kh6 60. Qd6+ Kh5 61. Qd1+ Kh6 62. Qd4 Kh5 63. Bxa7 Qxa6 64. Qf2 Qe6 65. Qf3+ Kh6 66. Be3 Qe5 67. Qf5 Qb2+ 68. Kf3 Qh2 69. Qxg5+ Kh7 70. Qg4 Qh1+ 71. Kf4 Qf1+ 72. Qf3 Qb5 73. Kg3 Qe5+ 74. Qf4 Qg7+ 75. Qg5 Qc7+ 76. e5 Qa5 77. e6 Qe1+ 78. Kf3 Qf1+ 79. Ke4 Qc4+ 80. Kf5 Qd5+ 81. Kf6 Qd8+ 82. e7 Qd6+ 83. Kf5 Qd5+ 84. Kf4 Qc4+ 85. Kg3 Qc7+ 86. Kh4 Qc4+ 87. Qf4 Qb5 88. Qf7+ 1-0

[Event "Ljubljana-chT 66th Superliga"]
[Site "Ljubljana"]
[Date "2013.01.10"]
[Round "1.3"]
[White "Rozic, Adrijan"]
[Black "Kodela, Marko"]
[Result "1/2-1/2"]
[WhiteElo "2080"]
[BlackElo "2022"]
[PlyCount "27"]
[EventDate "2013.01.10"]
[EventType "team-tourn"]
[EventRounds "9"]
[EventCountry "SLO"]
[SourceTitle "EXT 2022"]
[Source "ChessBase"]
[SourceDate "2021.10.06"]
[SourceVersion "1"]
[SourceVersionDate "2021.10.06"]
[SourceQuality "1"]
[WhiteTeam "Ig"]
[BlackTeam "Klinicni Center"]
[WhiteTeamCountry "SLO"]
[BlackTeamCountry "SLO"]

1. d4 Nf6 2. Bg5 Ne4 3. Bh4 d5 4. Nd2 Nf6 5. e3 c6 6. Bd3 Nbd7 7. f4 e6 8. Ngf3 Be7 9. 0-0 Ng4 10. Bxe7 Qxe7 11. Qe2 f5 12. c4 Ndf6 13. h3 Nh6 14. Ne5 1/2-1/2

[Event "SLO-chT2 West"]
[Site "Ljubljana"]
[Date "2012.10.20"]
[Round "2.3"]
[White "Sirnik, Bostjan"]
[Black "Kodela, Marko"]
[Result "1-0"]
[WhiteElo "2233"]
[BlackElo "1983"]
[PlyCount "71"]
[EventDate "2012.10.19"]
[EventType "team-tourn"]
[EventRounds "9"]
[EventCountry "SLO"]
[SourceTitle "EXT 2022"]
[Source "ChessBase"]
[SourceDate "2021.10.06"]
[SourceVersion "1"]
[SourceVersionDate "2021.10.06"]
[SourceQuality "1"]
[WhiteTeam "Koper"]
[BlackTeam "Ljubljana Lojz Kraigher"]
[WhiteTeamCountry "SLO"]
[BlackTeamCountry "SLO"]

1. d4 Nf6 2. Nf3 g6 3. Bf4 Bg7 4. e3 d6 5. h3 0-0 6. Be2 c6 7. c4 a6 8. 0-0 Nbd7 9. a3 b5 10. Nbd2 bxc4 11. Nxc4 c5 12. Rc1 Bb7 13. Bh2 Ne4 14. dxc5 Ndxc5 15. b4 Ne6 16. Na5 Qb6 17. Nd2 Nxd2 18. Qxd2 Rac8 19. Qd3 Rxc1 20. Rxc1 Rc8 21. Rc4 Rd8 22. Nxb7 Qxb7 23. Bf3 Qb5 24. Bc6 Qb6 25. Bg3 a5 26. b5 Nc5 27. Qc2 a4 28. Bh4 f6 29. f3 Rc8 30. Bf2 e5 31. e4 Bf8 32. Rxa4 Rxc6 33. bxc6 Qb5 34. c7 Qb7 35. Qc4+ Kg7 36. Ra7 1-0

[Event "SLO-chT 16th"]
[Site "Ljubljana"]
[Date "2006.07.06"]
[Round "6"]
[White "Piber, Vinko"]
[Black "Kodela, Marko"]
[Result "0-1"]
[WhiteElo "1932"]
[BlackElo "2042"]
[PlyCount "54"]
[EventDate "2006.07.03"]
[EventType "team"]
[EventRounds "9"]
[EventCountry "SLO"]
[SourceTitle "EXT 2008"]
[Source "ChessBase"]
[SourceDate "2007.11.25"]
[SourceVersion "1"]
[SourceVersionDate "2007.11.25"]
[SourceQuality "1"]

1. e4 e6 2. d4 c5 3. Nf3 cxd4 4. Nxd4 Nf6 5. Nc3 d6 6. Bb5+ Bd7 7. 0-0 a6 8. Bxd7+ Qxd7 9. f4 Nc6 10. Be3 Qc7 11. a4 Be7 12. Qf3 0-0 13. Rae1 Rad8 14. g4 d5 15. e5 Ne4 16. Nxe4 dxe4 17. Qxe4 Nxd4 18. c3 Nb3 19. Qc2 Nd4 20. Qf2 Nb3 21. Bb6 Qc6 22. a5 Rd2 23. Re2 Rxe2 24. Qxe2 Bc5+ 25. Bxc5 Qxc5+ 26. Rf2 Rd8 27. Kg2 Rd2 0-1

[Event "SLO-chT 16th"]
[Site "Ljubljana"]
[Date "2006.07.03"]
[Round "1"]
[White "Kodela, Marko"]
[Black "Skoberne, Jure"]
[Result "0-1"]
[WhiteElo "2042"]
[BlackElo "2407"]
[PlyCount "62"]
[EventDate "2006.07.03"]
[EventType "team"]
[EventRounds "9"]
[EventCountry "SLO"]
[SourceTitle "EXT 2008"]
[Source "ChessBase"]
[SourceDate "2007.11.25"]
[SourceVersion "1"]
[SourceVersionDate "2007.11.25"]
[SourceQuality "1"]

1. c4 g6 2. Nc3 Bg7 3. e4 d6 4. d4 Nc6 5. Be3 Nf6 6. h3 0-0 7. Nf3 e5 8. d5 Ne7 9. Qd2 Bd7 10. Bh6 c6 11. Bxg7 Kxg7 12. Bd3 cxd5 13. Nxd5 Nexd5 14. cxd5 Qb6 15. Ng1 Rac8 16. Ne2 a6 17. 0-0 Bb5 18. b3 Bxd3 19. Qxd3 Qb5 20. Qxb5 axb5 21. f3 Rc2 22. Rfe1 Ra8 23. a4 Nd7 24. Kf1 bxa4 25. Rxa4 Rxa4 26. bxa4 Nc5 27. Rb1 Kf6 28. g3 Ke7 29. Kf2 Ra2 30. f4 Nxe4+ 31. Ke3 Rxe2+ 0-1

[Event "Ljubljana op 15th"]
[Site "Ljubljana"]
[Date "2004.07.10"]
[Round "1"]
[White "Kovacevic, Aleksandar"]
[Black "Kodela, Marko"]
[Result "1-0"]
[WhiteElo "2551"]
[BlackElo "2035"]
[PlyCount "61"]
[EventDate "2004.07.10"]
[EventType "swiss"]
[EventRounds "9"]
[EventCountry "SLO"]
[SourceTitle "CBM 101 Extra"]
[Source "ChessBase"]
[SourceDate "2004.09.01"]
[SourceVersion "2"]
[SourceVersionDate "2004.09.01"]
[SourceQuality "1"]

1. e4 e6 2. d4 c5 3. Nf3 cxd4 4. Nxd4 Nf6 5. Nc3 d6 6. Be3 Be7 7. f3 Nc6 8. Qd2 a6 9. 0-0-0 0-0 10. g4 Nxd4 11. Qxd4 b5 12. g5 Nh5 13. Qd2 b4 14. Ne2 e5 15. Kb1 g6 16. Qxb4 Be6 17. Qd2 Qc7 18. Nc3 Qb7 19. Nd5 a5 20. Bc4 Rfd8 21. a4 Rab8 22. b3 Ng7 23. Qxa5 Rdc8 24. Ba6 Bxd5 25. Bxb7 Bxb7 26. h4 Ne6 27. h5 Nc5 28. Bxc5 dxc5 29. hxg6 fxg6 30. Rd7 Bf8 31. Qa7 1-0

[Event "SLO-ch"]
[Site "Bled"]
[Date "2003.08.09"]
[Round "8"]
[White "Matko, Milan"]
[Black "Kodela, Marko"]
[Result "1-0"]
[WhiteElo "2104"]
[BlackElo "2036"]
[PlyCount "166"]
[EventDate "2003.08.03"]
[EventType "swiss"]
[EventRounds "9"]
[EventCountry "SLO"]
[SourceTitle "CBM 095 Extra"]
[Source "ChessBase"]
[SourceDate "2003.09.04"]
[SourceVersion "1"]
[SourceVersionDate "2003.09.04"]
[SourceQuality "1"]

1. Nf3 d5 2. g3 Nf6 3. Bg2 Bf5 4. 0-0 c6 5. d3 Qc8 6. Nc3 Bh3 7. e4 Bxg2 8. Kxg2 e6 9. h3 Be7 10. Nh2 h5 11. f4 d4 12. Ne2 c5 13. c4 Qc6 14. Nf3 Nbd7 15. b4 b6 16. b5 Qb7 17. a4 a5 18. bxa6 Rxa6 19. Qc2 g6 20. Bd2 0-0 21. e5 Ne8 22. g4 Ng7 23. Ng3 f5 24. gxh5 Nxh5 25. Nxh5 gxh5 26. Kh2 Kf7 27. Be1 Rg8 28. Bh4 Qc6 29. Qf2 Rxa4 30. Rxa4 Qxa4 31. Bxe7 Kxe7 32. Qh4+ Ke8 33. Qxh5+ Kd8 34. Qh4+ Kc7 35. Qf2 Qb3 36. Ng5 Ra8 37. Nxe6+ Kc8 38. Qf3 Ra2+ 39. Kg3 Nb8 40. Kh4 Qc2 41. Qd5 Ra7 42. Qd8+ Kb7 43. Rg1 Qf2+ 44. Rg3 Ka6 45. Nc7+ Rxc7 46. Qxc7 Qxf4+ 47. Kh5 Qxg3 48. Qxb8 Qxh3+ 49. Kg6 Qf3 50. Qc8+ Ka5 51. Qxf5 Qg3+ 52. Kf7 b5 53. cxb5 Kxb5 54. e6 Kb4 55. e7 Qc7 56. Qe4 Kc3 57. Kf8 Qd6 58. Kg7 Qd7 59. Kf8 Qd6 60. Kg8 Qg3+ 61. Kf7 Qc7 62. Kg6 Qd6+ 63. Kf7 Qc7 64. Kf6 Qd6+ 65. Kg5 Qg3+ 66. Kf5 Qh3+ 67. Kf6 Qh6+ 68. Kf7 Qh5+ 69. Qg6 Qd5+ 70. Kf8 Qf3+ 71. Qf7 Qxd3 72. e8Q Qg3 73. Qd8 d3 74. Qa5+ Kd4 75. Qg7+ Qxg7+ 76. Kxg7 c4 77. Qd2 c3 78. Qf4+ Kc5 79. Kf6 d2 80. Qf5+ Kc4 81. Qc2 Kd4 82. Kf5 Kc4 83. Ke4 Kb4 1-0

[Event "Ljubljana op 14th"]
[Site "Ljubljana"]
[Date "2003.06.21"]
[Round "1"]
[White "Kodela, Marko"]
[Black "Fedorchuk, Sergey A"]
[Result "0-1"]
[WhiteElo "2036"]
[BlackElo "2557"]
[PlyCount "54"]
[EventDate "2003.06.21"]
[EventType "swiss"]
[EventRounds "9"]
[EventCountry "SLO"]
[SourceTitle "EXT 2004"]
[Source "ChessBase"]
[SourceDate "2003.11.25"]
[SourceVersion "1"]
[SourceVersionDate "2003.11.25"]
[SourceQuality "1"]

1. e4 c5 2. Nc3 Nc6 3. g3 g6 4. Bg2 Bg7 5. d3 Rb8 6. Be3 d6 7. Nh3 b5 8. 0-0 b4 9. Ne2 Bxb2 10. Rb1 Bg7 11. c3 bxc3 12. Rxb8 Nxb8 13. Qc2 Nc6 14. Nxc3 Nf6 15. Nf4 0-0 16. a3 Ng4 17. Nb1 Bd7 18. Nd5 e6 19. Nf4 Qa5 20. h3 Nxe3 21. fxe3 Rb8 22. Kh1 Rb2 23. Qc1 Qb5 24. Rd1 Na5 25. d4 cxd4 26. Bf1 Qb3 27. Re1 Bc6 0-1

[Event "SLO-ch"]
[Site "Dobrna"]
[Date "2002.08.03"]
[Round "1"]
[White "Kodela, Marko"]
[Black "Kovac, Mitja"]
[Result "0-1"]
[WhiteElo "2022"]
[BlackElo "2107"]
[PlyCount "72"]
[EventDate "2002.08.03"]
[EventType "k.o."]
[EventRounds "7"]
[EventCountry "SLO"]
[SourceTitle "CBM 089 Extra"]
[Source "ChessBase"]
[SourceDate "2002.09.10"]
[SourceVersion "2"]
[SourceVersionDate "2002.09.10"]
[SourceQuality "1"]

1. d4 d5 2. c4 e6 3. Nc3 Nf6 4. cxd5 exd5 5. Bg5 Be7 6. e3 0-0 7. Bd3 c6 8. Nge2 Ne4 9. Bxe7 Qxe7 10. Qc2 f5 11. Rb1 Nd7 12. b4 Ndf6 13. 0-0 b5 14. Nd1 Bd7 15. Nc1 a5 16. a3 axb4 17. axb4 Ra4 18. f3 Nd6 19. Qc3 Nc4 20. Bc2 Ra3 21. Bb3 Re8 22. Re1 Be6 23. Nd3 Bf7 24. Qc1 Rea8 25. Nc5 Nd7 26. Nd3 Nf6 27. Nc5 Nd7 28. Nxd7 Qxd7 29. Nf2 f4 30. exf4 Bg6 31. Bxc4 dxc4 32. Rb2 Qxd4 33. Rd2 Bd3 34. Rdd1 Ra1 35. Re8+ Rxe8 36. Qxa1 Qxf4 0-1

[Event "Ljubljana op 13th"]
[Site "Ljubljana"]
[Date "2002.06.29"]
[Round "8"]
[White "Kodela, Marko"]
[Black "Skoberne, Jure"]
[Result "1/2-1/2"]
[WhiteElo "2022"]
[BlackElo "2158"]
[PlyCount "57"]
[EventDate "2002.06.22"]
[EventType "swiss"]
[EventRounds "9"]
[EventCountry "SLO"]
[SourceTitle "CBM 088 Extra"]
[Source "ChessBase"]
[SourceDate "2002.07.01"]
[SourceVersion "2"]
[SourceVersionDate "2002.07.01"]
[SourceQuality "1"]

1. e4 g6 2. d4 Bg7 3. Nc3 c6 4. Be3 Qb6 5. a3 d6 6. h3 Nf6 7. Nf3 0-0 8. Be2 Nbd7 9. 0-0 Qc7 10. Qd2 e5 11. Rad1 Re8 12. dxe5 dxe5 13. Bc4 Nb6 14. Bxb6 axb6 15. Ng5 Rf8 16. Nxf7 Rxf7 17. Qd8+ Qxd8 18. Rxd8+ Bf8 19. Be6 Bxe6 20. Rxa8 Kg7 21. g4 Bc5 22. Kg2 Bd4 23. f3 Bc4 24. Re1 Nd7 25. Nd1 Nc5 26. b4 Ne6 27. c3 Nf4+ 28. Kg3 Ne2+ 29. Kg2 1/2-1/2

[Event "Ljubljana op 13th"]
[Site "Ljubljana"]
[Date "2002.06.22"]
[Round "1"]
[White "Sveshnikov, Evgeny"]
[Black "Kodela, Marko"]
[Result "1-0"]
[WhiteElo "2556"]
[BlackElo "2022"]
[PlyCount "81"]
[EventDate "2002.06.22"]
[EventType "swiss"]
[EventRounds "9"]
[EventCountry "SLO"]
[SourceTitle "CBM 088 Extra"]
[Source "ChessBase"]
[SourceDate "2002.07.01"]
[SourceVersion "2"]
[SourceVersionDate "2002.07.01"]
[SourceQuality "1"]

1. e4 g6 2. d4 Bg7 3. Nc3 d6 4. Be3 c6 5. h3 b5 6. f4 b4 7. Nb1 d5 8. e5 h5 9. a3 Qb6 10. Nf3 Nh6 11. Qd2 Nf5 12. Bf2 bxa3 13. Rxa3 e6 14. Bd3 Ba6 15. Rb3 Qc7 16. Rxb8+ Rxb8 17. Bxa6 Rxb2 18. Nc3 Qa5 19. Bd3 Bf8 20. 0-0 Bb4 21. Be1 Ra2 22. Bxf5 gxf5 23. Ng5 Bxc3 24. Qxc3 Qxc3 25. Bxc3 Rxc2 26. Bb4 Kd7 27. Ra1 Ra8 28. Nxf7 Rb2 29. Ra4 a6 30. Ng5 Ra7 31. Bc5 Ra8 32. Nh7 h4 33. Nf8+ Ke8 34. Nxe6 Rb1+ 35. Kh2 Rab8 36. Ng7+ Kf7 37. Nxf5 R8b2 38. Nxh4 Rf1 39. f5 Rf4 40. Kg3 Re4 41. Rxa6 1-0